| 000 | 00388nam a2200133 a 4500 | ||
|---|---|---|---|
| 005 | 20140414131857.0 | ||
| 008 | 100827s19uu xx 00 eng d | ||
| 050 |
_aFIL _bAm7 2009 |
||
| 100 | _aAntonio, Joachim | ||
| 245 |
_aAng ampalaya sa pinggan ni Peepo : _bThe bitter gourd in Peepo's plate. |
||
| 260 |
_aManila, Philippines : _bLampara, _c2009. |
||
| 999 |
_c110494 _d110494 |
||